Motivácia a spôsob samovražedného konania

Bibliographic Details
Main Authors: Šidlo, J. (Author), Šikuta, J. (Author), Mikuláš, Ľ. (Author), Očko, P. (Author), Kuruc, R. (Author)
Format: Article
Language:Slovak
ISBN:9788089322060

MARC

LEADER 00000naa a2200000uu 4500
001 vtls011035589
003 SK-MaSNL
005 20260302125041.0
008 210907|2010 xo |||||||||||||||||slo|
015 |a SNBRA 
035 |a (urnnbn)urn:nbn:sk:snk:ar-008tsv 
035 |a (uuid)b4492653-4fac-456a-a855-9b62a0c0cc71 
035 |a urn:nbn:sk:snk-aaupkb 
040 |a SNKBUCL  |b slo  |c SNKBUCL  |e AACR2 
041 0 |a slo 
044 |a xo  |c SK 
100 1 |a Šidlo, J.  |4 aut  |9 811721 
245 1 0 |a Motivácia a spôsob samovražedného konania  |c J. Šidlo, J. Šikuta, Ľ. Mikuláš, P. Očko, R. Kuruc 
700 1 |a Šikuta, J.  |4 aut  |9 811722 
700 1 |a Mikuláš, Ľ.  |4 aut  |9 811723 
700 1 |a Očko, P.  |4 aut  |9 811724 
700 1 |a Kuruc, R.  |4 aut  |9 811725 
773 0 |t Kapitoly z psychopatológie 3  |d Nové Zámky : Psychoprof, 2010  |g S. 73-80  |z 9788089322060 
958 |a OND 
958 |a article12 
958 |a chapter 
999 |c 1291439  |d 1293369